Regional cooperation on critical issues confronting: the Asia /Pacific region (Record no. 501976)

000 -LEADER
fixed length control field 00504cam a22001457a 4500
008 - FIXED-LENGTH DATA ELEMENTS--GENERAL INFORMATION
fixed length control field 180718b1985 xxu||||| |||| 00| 0 eng d
082 ## - DEWEY DECIMAL CLASSIFICATION NUMBER
Classification number D7x5 In2
100 ## - MAIN ENTRY--PERSONAL NAME
Personal name Hao Li , Victor
245 ## - TITLE STATEMENT
Title Regional cooperation on critical issues confronting: the Asia /Pacific region
Statement of responsibility, etc. by Victor hao Li
260 ## - PUBLICATION, DISTRIBUTION, ETC.
Place of publication, distribution, etc. New Delhi
Name of publisher, distributor, etc. Indian Institute of Public Administration
Date of publication, distribution, etc. 1985
300 ## - PHYSICAL DESCRIPTION
Extent 17p.
440 ## - SERIES STATEMENT/ADDED ENTRY--TITLE
Title Endowment Lecture-3
500 ## - GENERAL NOTE
General note delivered at IIPA on March 29, 1985
650 ## - SUBJECT ADDED ENTRY--TOPICAL TERM
Topical term or geographic name entry element International cooperation
Holdings
Withdrawn status Lost status Damaged status Not for loan Permanent Location Current Location Date acquired Full call number Barcode Date last seen Price effective from Koha item type
        Indian Institute of Public Administration Indian Institute of Public Administration 2018-08-04 D7x5 In2 GR11818 2018-08-04 2018-08-04 GR
        Indian Institute of Public Administration Indian Institute of Public Administration 2018-08-04 D7x5 In2 GR11817 2018-08-04 2018-08-04 GR

Powered by Koha